Líquidos orgánicos-I : (ascítico, pleural y pericárdico) /

Detalles Bibliográficos
Autores principales: Rodríguez Costa, Julio (Autor), Agustín Vázquez, Domingo de (Autor), Rivas Manga, María Fca (Autor)
Formato: Electrónico eBook
Lenguaje:español
Publicado: [Madrid, España] : Díaz de Santos, [2022]
Colección:Cuadernos de citopatología ; 1.
Materias:
Acceso en línea:Digitalia Hispánica

MARC

LEADER 00000nam a2200000Ii 4500
001 DIGDISANT0506
003 NyNyDIG
006 m o d
007 cr |||||||||||
008 240304s2022 sp a ob 001 0 spa d
035 |a (OCoLC)1426283321 
040 |a DGITA  |b eng  |e rda  |e pn  |c DGITA 
020 |a 9788490524534  |q (libro electrónico) 
020 |z 9788479785727  |q (libro en papel) 
050 1 4 |a QH671 ebook 
100 1 |a Rodríguez Costa, Julio,  |e author. 
245 1 0 |a Líquidos orgánicos-I :  |b (ascítico, pleural y pericárdico) /  |c Julio Rodríguez Costa, Domingo de Agustín Vázquez, María Fca. Rivas Manga. 
264 1 |a [Madrid, España] :  |b Díaz de Santos,  |c [2022] 
300 |a 1 online resource :  |b illustrations. 
336 |a text  |b txt  |2 rdacontent 
337 |a computer  |b c  |2 rdamedia 
338 |a online resource  |b cr  |2 rdacarrier 
347 |a text file  |2 rdaft 
347 |b PDF 
490 1 |a Cuadernos de citopatología ;  |v 1 
504 |a Includes bibliographical references and index. 
588 0 |a Online resource; title from PDF title page (Digitalia, viewed March 4, 2024) 
650 0 |a Pathology, Cellular. 
700 1 |a Agustín Vázquez, Domingo de,  |e author. 
700 1 |a Rivas Manga, María Fca.,  |e author. 
791 2 |a Digitalia (Firm),  |e distributor. 
793 0 |g Digitalia eBook Collection:  |a Díaz de Santos 
776 0 8 |i Print version:  |a Rodríguez Costa, Julio.  |t Líquidos orgánicos-I.  |d [Madrid, España] : Díaz de Santos, [2003]  |z 9788479785727 
830 0 |a Cuadernos de citopatología ;  |v 1. 
856 4 0 |3 Digitalia Hispánica  |u https://www.digitaliapublishing.com/a/136476/ 
910 |a Premium collection: 2024